| 000 | 00902cam a2200265 i 4500 | ||
|---|---|---|---|
| 005 | 20171212141536.0 | ||
| 008 | 040329s1984 ru a f |000 0 rusoc | ||
| 035 | _azz2004783558 | ||
| 039 | 9 |
_a201703221500 _bkopilwa _c201508170950 _dvuam _c201309180932 _dkopub _c201206150118 _dVLOAD _y200403291252 _zvumk |
|
| 040 |
_aTOR U/MIRLa _cTOR U/MIRLa _dTOR U/AP _dLUBL U/DP7 |
||
| 099 | _ahh_367634 | ||
| 100 | 1 |
_aDanilov, Ûlij Aleksandrovič _d(1936-2003). |
|
| 245 | 1 | 0 |
_aMnogočleny Čebyševa / _cÛ. A. Danilov. |
| 260 |
_aMinsk : _bVyšèjšaâ škola, _c1984. |
||
| 300 |
_a156, [4] s. : _bil. ; _c17 cm. |
||
| 504 | _aBibliogr. s. 154-155. | ||
| 546 | _bAlfabet cyryl. | ||
| 961 | _aWA_310 | ||
| 966 | _aPOZN_U | ||
| 967 | _aLUBL_U | ||
| 968 | _aTOR_U | ||
| 973 | _aKAT_U | ||
| 979 | _aBSTOK_U | ||
| 999 |
_aVIRTUA40 m _c18255 _d18255 |
||
| 999 | _aVTLSSORT0010*0080*0350*0390*0400*0990*1000*2450*2600*3000*5040*5460*9680*9730*9992 | ||